[Event "Haarlem Masters"]
[Site "Haarlem"]
[Date "2017.10.27"]
[Round "7"]
[White "Tondivar, Babak"]
[Black "Olsen, Filip Boe"]
[Result "1/2-1/2"]
[WhiteElo "2284"]
[BlackElo "2266"]
[PlyCount "38"]
[EventDate "2017.10.21"]
[EventType "tourn"]
[EventRounds "9"]
[EventCountry "NED"]
[EventCategory "4"]
[SourceTitle "CBM 181 Extra"]
[Source "ChessBase"]
[SourceDate "2017.12.12"]
[SourceVersion "1"]
[SourceVersionDate "2017.12.12"]
[SourceQuality "1"]

1. Nf3 Nf6 2. c4 e6 3. g3 d5 4. Bg2 dxc4 5. Qa4+ Bd7 6. Qxc4 c5 7. Ne5 Qc8 8. 0-0 Nc6 9. Nxd7 Qxd7 10. Nc3 Be7 11. Qa4 Rc8 12. d3 0-0 13. Be3 Rfd8 14. Rfc1 b6 15. Rab1 Nd4 16. Qxd7 Rxd7 17. Bxd4 Rxd4 18. a3 h6 19. Rc2 Rd7 1/2-1/2

[Event "Hoogeveen Unive op"]
[Site "Hoogeveen"]
[Date "2010.10.24"]
[Round "3"]
[White "Lommers, Frank"]
[Black "Tondivar, Babak"]
[Result "1/2-1/2"]
[WhiteElo "2191"]
[BlackElo "2302"]
[PlyCount "61"]
[EventDate "2010.10.22"]
[EventType "swiss"]
[EventRounds "9"]
[EventCountry "NED"]
[SourceTitle "EXT 2011"]
[Source "ChessBase"]
[SourceDate "2010.11.26"]
[SourceVersion "1"]
[SourceVersionDate "2010.11.26"]
[SourceQuality "1"]

1. c4 e6 2. g3 d5 3. Bg2 Nf6 4. Nf3 Be7 5. 0-0 0-0 6. Qc2 c5 7. d4 cxd4 8. Nxd4 Nc6 9. Nxc6 bxc6 10. Rd1 Qb6 11. b3 Ba6 12. Be3 Qb7 13. Nc3 dxc4 14. bxc4 Bxc4 15. Qa4 Qb4 16. Bxc6 Qxa4 17. Nxa4 Rac8 18. Bf3 Bb5 19. Nb2 Ba3 20. Nd3 a6 21. Bc1 Rc3 22. Bd2 Rc4 23. Bc1 Rc3 24. Bd2 Rc2 25. Bb4 Bxb4 26. Nxb4 Rb2 27. Rab1 Rxb1 28. Rxb1 g5 29. a4 Bxa4 30. Nxa6 Rd8 31. Rb8 1/2-1/2

[Event "Hoogeveen Unive op"]
[Site "Hoogeveen"]
[Date "2009.10.24"]
[Round "9"]
[White "Fehr, Axel"]
[Black "Tondivar, Babak"]
[Result "1/2-1/2"]
[WhiteElo "2128"]
[BlackElo "2367"]
[PlyCount "27"]
[EventDate "2009.10.16"]
[EventType "swiss"]
[EventRounds "9"]
[EventCountry "NED"]
[SourceTitle "CBM 132 Extra"]
[Source "ChessBase"]
[SourceDate "2009.11.03"]
[SourceVersion "1"]
[SourceVersionDate "2009.11.03"]
[SourceQuality "1"]

1. c4 e6 2. Nf3 d5 3. d4 Nf6 4. Nc3 Be7 5. Bg5 h6 6. Bh4 0-0 7. e3 b6 8. Be2 Bb7 9. cxd5 Nxd5 10. Bxe7 Qxe7 11. Nxd5 Bxd5 12. 0-0 Rc8 13. Qa4 c5 14. Qa3 1/2-1/2

[Event "Hoogeveen Unive op"]
[Site "Hoogeveen"]
[Date "2009.10.23"]
[Round "8"]
[White "Mellema, Andries"]
[Black "Tondivar, Babak"]
[Result "1/2-1/2"]
[WhiteElo "2125"]
[BlackElo "2367"]
[PlyCount "62"]
[EventDate "2009.10.16"]
[EventType "swiss"]
[EventRounds "9"]
[EventCountry "NED"]
[SourceTitle "CBM 132 Extra"]
[Source "ChessBase"]
[SourceDate "2009.11.03"]
[SourceVersion "1"]
[SourceVersionDate "2009.11.03"]
[SourceQuality "1"]

1. e4 e5 2. Nc3 Nf6 3. g3 d5 4. exd5 Nxd5 5. Bg2 Nxc3 6. bxc3 Bd6 7. Nf3 0-0 8. 0-0 Nd7 9. d4 exd4 10. cxd4 c5 11. Bb2 Qc7 12. Re1 Rd8 13. Qe2 c4 14. Bc3 Nf6 15. Ng5 h6 16. Ne4 Nd5 17. Nxd6 Qxd6 18. Qxc4 Be6 19. Qd3 Nxc3 20. Qxc3 Rac8 21. Qd3 Qxd4 22. Bxb7 Rc3 23. Qxd4 Rxd4 24. Be4 Ra3 25. Bd3 Rb4 26. Kf1 Kf8 27. Ke2 Rb2 28. Kd2 Raxa2 29. Rxa2 Rxa2 30. Kc3 Ra4 31. h4 Ke7 1/2-1/2

[Event "Hoogeveen Unive op"]
[Site "Hoogeveen"]
[Date "2009.10.19"]
[Round "4"]
[White "Tondivar, Babak"]
[Black "Bijlsma, Nick"]
[Result "0-1"]
[WhiteElo "2367"]
[BlackElo "2028"]
[PlyCount "66"]
[EventDate "2009.10.16"]
[EventType "swiss"]
[EventRounds "9"]
[EventCountry "NED"]
[SourceTitle "CBM 132 Extra"]
[Source "ChessBase"]
[SourceDate "2009.11.03"]
[SourceVersion "1"]
[SourceVersionDate "2009.11.03"]
[SourceQuality "1"]

1. Nf3 c5 2. c4 Nf6 3. g3 b6 4. Bg2 Bb7 5. 0-0 e6 6. Nc3 Be7 7. d4 cxd4 8. Qxd4 d6 9. Bg5 a6 10. Bxf6 Bxf6 11. Qf4 0-0 12. Rfd1 Be7 13. Ne4 Bxe4 14. Qxe4 Ra7 15. Nd4 Qc8 16. b3 Bf6 17. a4 Qc5 18. e3 Rc7 19. Ra2 Rd8 20. Qb1 a5 21. Nb5 Rcd7 22. Rad2 Nc6 23. Bxc6 Qxc6 24. e4 d5 25. exd5 exd5 26. Qf5 Qe6 27. Qf3 d4 28. Nc3 dxc3 29. Rxd7 Qxd7 30. Rxd7 Rxd7 31. Qe4 Rd1+ 32. Kg2 g6 33. Kf3 Rd4 0-1

[Event "Hoogeveen Unive op"]
[Site "Hoogeveen"]
[Date "2009.10.17"]
[Round "2"]
[White "Tondivar, Babak"]
[Black "Kasparova, Tatiana"]
[Result "1/2-1/2"]
[WhiteElo "2367"]
[BlackElo "2175"]
[PlyCount "58"]
[EventDate "2009.10.16"]
[EventType "swiss"]
[EventRounds "9"]
[EventCountry "NED"]
[SourceTitle "CBM 132 Extra"]
[Source "ChessBase"]
[SourceDate "2009.11.03"]
[SourceVersion "1"]
[SourceVersionDate "2009.11.03"]
[SourceQuality "1"]

1. Nf3 Nf6 2. g3 b6 3. Bg2 Bb7 4. c4 c5 5. 0-0 e6 6. Nc3 Be7 7. d4 cxd4 8. Qxd4 d6 9. Bg5 Nbd7 10. Nb5 h6 11. Bxf6 Nxf6 12. Rfd1 d5 13. cxd5 Bxd5 14. Qa4 0-0 15. Nc3 Qe8 16. Qxe8 Raxe8 17. Nxd5 Nxd5 18. Nd4 Bf6 19. Rac1 Rc8 20. Bxd5 Rxc1 21. Rxc1 Bxd4 22. Bb3 Bxb2 23. Rc7 a5 24. Rb7 Bd4 25. e3 Bc5 26. Kf1 Rd8 27. Ke2 g6 28. a4 Rd6 29. Bc4 Rd8 1/2-1/2

[Event "Hoogeveen Unive op"]
[Site "Hoogeveen"]
[Date "2009.10.16"]
[Round "1"]
[White "Hendriks, Richard V"]
[Black "Tondivar, Babak"]
[Result "1/2-1/2"]
[WhiteElo "2117"]
[BlackElo "2367"]
[PlyCount "45"]
[EventDate "2009.10.16"]
[EventType "swiss"]
[EventRounds "9"]
[EventCountry "NED"]
[SourceTitle "CBM 132 Extra"]
[Source "ChessBase"]
[SourceDate "2009.11.03"]
[SourceVersion "1"]
[SourceVersionDate "2009.11.03"]
[SourceQuality "1"]

1. e4 e6 2. d4 d5 3. Nc3 Bb4 4. e5 Ne7 5. Bd2 b6 6. Bb5+ c6 7. Ba4 Bxc3 8. Bxc3 a5 9. a3 Ba6 10. Ne2 Qd7 11. 0-0 Bb5 12. Bxb5 cxb5 13. Ng3 g6 14. Qd3 Ra7 15. Bd2 h6 16. h4 Rc7 17. c3 Nbc6 18. h5 a4 19. Qf3 Rh7 20. Qd3 Rh8 21. Qf3 Rh7 22. Qd3 Rh8 23. Qf3 1/2-1/2

[Event "Hoogeveen Essent op"]
[Site "Hoogeveen"]
[Date "2006.10.24"]
[Round "5"]
[White "Tondivar, Babak"]
[Black "Dambacher, Martijn"]
[Result "0-1"]
[WhiteElo "2367"]
[BlackElo "2429"]
[PlyCount "90"]
[EventDate "2006.10.21"]
[EventType "swiss"]
[EventRounds "9"]
[EventCountry "NED"]
[SourceTitle "EXT 2007"]
[Source "ChessBase"]
[SourceDate "2006.11.23"]
[SourceVersion "1"]
[SourceVersionDate "2006.11.23"]
[SourceQuality "1"]

1. d4 e6 2. c4 c5 3. d5 exd5 4. cxd5 d6 5. Nc3 g6 6. Nf3 Bg7 7. g3 a6 8. a4 Ne7 9. Bg2 0-0 10. 0-0 h6 11. Nd2 Nd7 12. Nc4 Nb6 13. Na3 g5 14. a5 Nd7 15. Nc4 Ne5 16. Nb6 Rb8 17. e4 g4 18. Ne2 Bd7 19. Nxd7 Qxd7 20. Nf4 N7g6 21. h4 c4 22. Nh5 f5 23. Nxg7 Qxg7 24. h5 Ne7 25. Bf4 fxe4 26. Bxe4 Rxf4 27. gxf4 Nf3+ 28. Kg2 Kh8 29. Qc2 Rf8 30. Qc3 Rxf4 31. Qxg7+ Kxg7 32. Bxf3 gxf3+ 33. Kg3 Nxd5 34. Rad1 Rf5 35. Rd4 Nf6 36. Rxc4 Nxh5+ 37. Kg4 Kg6 38. Re1 Nf6+ 39. Kg3 d5 40. Rb4 Ne4+ 41. Kh2 Rh5+ 42. Kg1 Rg5+ 43. Kh2 Rg2+ 44. Kh3 Nxf2+ 45. Kh4 Ne4 0-1

[Event "NED-ch61 sf"]
[Site "Hilversum"]
[Date "2006.03.19"]
[Round "2.2"]
[White "Ernst, Sipke"]
[Black "Tondivar, Babak"]
[Result "1-0"]
[WhiteElo "2478"]
[BlackElo "2357"]
[PlyCount "49"]
[EventDate "2006.02.11"]
[EventType "k.o."]
[EventRounds "3"]
[EventCountry "NED"]
[SourceTitle "EXT 2007"]
[Source "ChessBase"]
[SourceDate "2006.11.23"]
[SourceVersion "1"]
[SourceVersionDate "2006.11.23"]
[SourceQuality "1"]

1. d4 e6 2. c4 d5 3. Nc3 Be7 4. Nf3 Nf6 5. Bg5 h6 6. Bh4 0-0 7. e3 b6 8. Bd3 Bb7 9. 0-0 Nbd7 10. Qe2 c5 11. Bg3 Ne4 12. cxd5 exd5 13. Rad1 Qc8 14. a4 Ndf6 15. Ne5 Nxg3 16. hxg3 a6 17. f4 cxd4 18. exd4 Bb4 19. Rc1 Qe6 20. g4 Rfe8 21. g5 Bxc3 22. Rxc3 Ne4 23. Bxe4 dxe4 24. gxh6 gxh6 25. Rc7 1-0

[Event "NED-ch61 sf"]
[Site "Hilversum"]
[Date "2006.02.11"]
[Round "1.1"]
[White "Tondivar, Babak"]
[Black "De Vreugt, Dennis"]
[Result "1-0"]
[WhiteElo "2357"]
[BlackElo "2429"]
[PlyCount "105"]
[EventDate "2006.02.11"]
[EventType "k.o."]
[EventRounds "3"]
[EventCountry "NED"]
[SourceTitle "CBM 110 Extra"]
[Source "ChessBase"]
[SourceDate "2006.03.10"]
[SourceVersion "2"]
[SourceVersionDate "2006.03.10"]
[SourceQuality "1"]

1. d4 d5 2. c4 c6 3. e3 Nf6 4. Nc3 a6 5. Qc2 g6 6. Bd3 Bg7 7. Nf3 0-0 8. 0-0 Bg4 9. Ne5 Be6 10. Bd2 dxc4 11. Nxc4 a5 12. Ne2 Nbd7 13. e4 Bxc4 14. Bxc4 e5 15. Bc3 Qe7 16. Rfe1 exd4 17. Nxd4 Ng4 18. h3 Qc5 19. Ne6 Qxc4 20. Nxf8 Rxf8 21. hxg4 Nc5 22. Re2 Bxc3 23. bxc3 Rd8 24. Re3 Ne6 25. Qb3 Qa6 26. Rd1 Rxd1+ 27. Qxd1 a4 28. Qd6 Qc4 29. a3 Qb3 30. g3 c5 31. c4 Qxc4 32. Qb8+ Kg7 33. Qxb7 Qc1+ 34. Kg2 Qd1 35. Qb2+ Nd4 36. Qc3 Qxg4 37. Qxc5 Ne6 38. Qe5+ f6 39. Qd6 g5 40. Kf1 Kg6 41. e5 Qc4+ 42. Qd3+ Qxd3+ 43. Rxd3 fxe5 44. Rd5 Kf5 45. Ra5 h5 46. Rxa4 Nd4 47. Ra8 h4 48. gxh4 gxh4 49. Kg2 Ne6 50. a4 Nf4+ 51. Kh2 Kg4 52. a5 Kf3 53. a6 1-0

[Event "Leeuwarden-ch"]
[Site "Leeuwarden"]
[Date "2004.07.09"]
[Round "7"]
[White "Tondivar, Babak"]
[Black "Hania, Jan"]
[Result "1-0"]
[WhiteElo "2304"]
[BlackElo "2249"]
[PlyCount "69"]
[EventDate "2004.07.01"]
[EventType "tourn"]
[EventRounds "7"]
[EventCountry "NED"]
[SourceTitle "CBM 101 Extra"]
[Source "ChessBase"]
[SourceDate "2004.09.01"]
[SourceVersion "2"]
[SourceVersionDate "2004.09.01"]
[SourceQuality "1"]

1. d4 Nf6 2. c4 e6 3. Nc3 Bb4 4. Qc2 c5 5. dxc5 Bxc5 6. Nf3 Nc6 7. Bg5 h6 8. Bh4 b6 9. Rd1 Bb7 10. e4 g5 11. Bg3 0-0 12. a3 Nh5 13. Bd6 Bxd6 14. Rxd6 Qe7 15. Rd2 f5 16. exf5 exf5+ 17. Be2 Nf4 18. Nd5 Nxd5 19. cxd5 Ne5 20. 0-0 Nxf3+ 21. Bxf3 Qd6 22. g3 Rae8 23. Bg2 Ba6 24. Rc1 Qe5 25. Qd1 g4 26. d6 Rf6 27. h3 h5 28. Qa4 gxh3 29. Bd5+ Kh7 30. Qxa6 Rxd6 31. Qd3 h4 32. Bg8+ Rxg8 33. Qxd6 h2+ 34. Kxh2 hxg3+ 35. fxg3 1-0

[Event "Dubai op 6th"]
[Site "Dubai"]
[Date "2004.04.27"]
[Round "8"]
[White "Tondivar, Babak"]
[Black "Kayumov, Sergey"]
[Result "1/2-1/2"]
[WhiteElo "2304"]
[BlackElo "2418"]
[PlyCount "123"]
[EventDate "2004.04.19"]
[EventType "swiss"]
[EventRounds "9"]
[EventCountry "UAE"]
[SourceTitle "CBM 101"]
[Source "ChessBase"]
[SourceDate "2004.07.27"]
[SourceVersion "1"]
[SourceVersionDate "2004.07.27"]
[SourceQuality "1"]

1. d4 d5 2. c4 e6 3. Nc3 Be7 4. cxd5 exd5 5. Bf4 c6 6. Qc2 Bd6 7. Bxd6 Qxd6 8. e3 Ne7 9. Bd3 g6 10. Nge2 Bf5 11. 0-0 0-0 12. Nf4 Nd7 13. Rfd1 a5 14. Rac1 Qf6 15. Na4 Qg5 16. Nc5 Nxc5 17. Qxc5 Bxd3 18. Rxd3 Nf5 19. Rb3 Rfb8 20. a4 Qd8 21. h3 Nd6 22. Qc2 Qg5 23. Nd3 Re8 24. Qe2 h5 25. Qf3 Re4 26. Rc2 Rae8 27. Nc5 R4e7 28. Kh2 Kg7 29. Rb6 Rc7 30. b4 Nc4 31. bxa5 Nxa5 32. Qg3 Qe7 33. Rcb2 Ra8 34. Rb1 Ra7 35. Qe5+ Qxe5+ 36. dxe5 Re7 37. f4 f6 38. exf6+ Kxf6 39. Kg1 Rxe3 40. Nxb7 Nxb7 41. Rxb7 Rxb7 42. Rxb7 d4 43. Rd7 c5 44. Rd6+ Ke7 45. Rd5 Rc3 46. a5 Ke6 47. Rg5 d3 48. Kf2 c4 49. a6 Rc2+ 50. Ke3 Re2+ 51. Kf3 Kf6 52. Rc5 Re1 53. a7 d2 54. Rd5 Ra1 55. Rxd2 Rxa7 56. Rd6+ Kf7 57. Rc6 Ra3+ 58. Ke4 Rc3 59. g4 h4 60. g5 Rxh3 61. Rxc4 Rh1 62. Rc7+ 1/2-1/2

[Event "NED-ch59 sf"]
[Site "Leeuwarden"]
[Date "2004.03.14"]
[Round "2.2"]
[White "Delemarre, Jop"]
[Black "Tondivar, Babak"]
[Result "0-1"]
[WhiteElo "2464"]
[BlackElo "2304"]
[PlyCount "192"]
[EventDate "2004.02.28"]
[EventType "k.o."]
[EventRounds "3"]
[EventCountry "NED"]
[SourceTitle "EXT 2005"]
[Source "ChessBase"]
[SourceDate "2004.11.15"]
[SourceVersion "1"]
[SourceVersionDate "2004.11.15"]
[SourceQuality "1"]

1. d4 d5 2. c4 e6 3. Nf3 Nf6 4. Nc3 Be7 5. Bf4 0-0 6. e3 c5 7. dxc5 Bxc5 8. cxd5 Nxd5 9. Nxd5 exd5 10. a3 Nc6 11. Bd3 Bb6 12. 0-0 d4 13. e4 Bg4 14. h3 Qf6 15. hxg4 Qxf4 16. Nh2 Rac8 17. g3 Qh6 18. Nf3 Qe6 19. Ng5 Qe7 20. Nh3 Bc7 21. f4 Bb6 22. Qe2 Na5 23. Kg2 Nb3 24. Rad1 Nc5 25. e5 Nxd3 26. Qxd3 h6 27. g5 Rc6 28. gxh6 Rxh6 29. Ng5 Qd7 30. Rh1 Qd5+ 31. Qf3 Qxf3+ 32. Kxf3 Rxh1 33. Rxh1 Rc8 34. Rh2 Rc1 35. f5 f6 36. exf6 gxf6 37. Ne4 Kg7 38. Rd2 Rf1+ 39. Kg4 Re1 40. Nd6 Re7 41. Nc4 Rd7 42. Nxb6 axb6 43. Rd3 b5 44. Kf4 Rd8 45. g4 Rd7 46. Ke4 Kh6 47. Rh3+ Kg7 48. Kd3 Rd6 49. Rh2 Rd7 50. Rh1 Rd5 51. Rh5 Rd8 52. g5 fxg5 53. Rxg5+ Kf6 54. Rg6+ Kxf5 55. Rb6 Rd5 56. Rxb7 Ke5 57. Rb6 Rc5 58. Rh6 Rd5 59. Rh4 Rc5 60. Rxd4 Ke6 61. Rd8 Ke7 62. Rd4 Ke6 63. Ke3 Ke5 64. Rd3 Rc2 65. Rb3 Rc5 66. Kd3 Kd6 67. Rc3 Rh5 68. Kc2 Rh4 69. Kb3 Rg4 70. Rd3+ Kc5 71. Rh3 Kb6 72. Re3 Rh4 73. Kc3 Rc4+ 74. Kb3 Rh4 75. Rd3 Rg4 76. Kc3 Rc4+ 77. Kb3 Rh4 78. Rd8 Rh3+ 79. Kb4 Rh4+ 80. Kc3 Rc4+ 81. Kd3 Rc6 82. Kd4 Rc2 83. Rb8+ Ka6 84. b3 Rc1 85. Kd3 Rc5 86. Kd4 Rc1 87. Kd5 Rc3 88. b4 Rh3 89. Re8 Rh5+ 90. Kc6 Rh6+ 91. Kc7 Rh7+ 92. Kc8 Kb6 93. Re6+ Ka7 94. Rd6 Rh3 95. Rd7+ Kb6 96. Kb8 Rh8+ 0-1

[Event "NED-ch59 sf"]
[Site "Leeuwarden"]
[Date "2004.02.28"]
[Round "1.1"]
[White "Tondivar, Babak"]
[Black "Van der Weide, Karel"]
[Result "1-0"]
[WhiteElo "2304"]
[BlackElo "2436"]
[PlyCount "83"]
[EventDate "2004.02.28"]
[EventType "k.o."]
[EventRounds "3"]
[EventCountry "NED"]
[SourceTitle "CBM 098 Extra"]
[Source "ChessBase"]
[SourceDate "2004.03.10"]
[SourceVersion "2"]
[SourceVersionDate "2004.03.10"]
[SourceQuality "1"]

1. d4 Nf6 2. c4 g6 3. g3 Bg7 4. Bg2 0-0 5. Nc3 d6 6. Nf3 Nbd7 7. 0-0 e5 8. e4 exd4 9. Nxd4 a6 10. h3 Rb8 11. Re1 Re8 12. Rb1 Ne5 13. b3 c5 14. Nc2 b5 15. f4 Ned7 16. cxb5 axb5 17. Qxd6 Nh5 18. Qd3 c4 19. Qe3 Bb7 20. bxc4 bxc4 21. Rd1 Qc8 22. Ba3 Bc6 23. Rxb8 Qxb8 24. Nb4 Qa8 25. Nxc6 Qxa3 26. e5 Nc5 27. Kh2 Nd3 28. Qd4 Bf8 29. Rf1 Qc5 30. Qxc5 Bxc5 31. Ne4 Kf8 32. Nxc5 Nxc5 33. Rc1 Ra8 34. Rxc4 Ne6 35. a4 Nhg7 36. Nd4 Rd8 37. Nxe6+ Nxe6 38. Rc2 Nd4 39. Ra2 Ke7 40. a5 Nb5 41. a6 Na7 42. Rb2 1-0